LEADER 01109nam--2200349---450- 001 990003189910203316 005 20090121150337.0 010 $a978-88-348-8433-1 035 $a000318991 035 $aUSA01000318991 035 $a(ALEPH)000318991USA01 035 $a000318991 100 $a20090121d2008----km-y0itay50------ba 101 $aita 102 $aIT 105 $a||||||||001yy 200 1 $a<> riforma dei fondi strutturali$eprospettive per il mercato del lavoro in Piemonte 210 $aTorino$cGiappichelli$d2008 215 $a209 p.$d24 cm 225 2 $aQuaderni del dipartimento di scienze giuridiche$v9 410 0$1001$12001$aQuaderni del dipartimento di scienze giuridiche$v9 606 0 $aFinanziamenti comunitari$xCasi[:] Piemonte$2BNCF 676 $a338.9451 700 1$aDORIA,$bFrancesca$0603054 801 0$aIT$bsalbc$gISBD 912 $a990003189910203316 951 $a338.945 DOR 1$b61805 G.$c338.945$d00210816 959 $aBK 969 $aGIU 979 $aCHIARA$b90$c20090121$lUSA01$h1503 996 $aRiforma dei fondi strutturali$91015880 997 $aUNISA LEADER 03491nam 2200565 450 001 996255450403316 005 20221108033325.0 010 $a1-299-27742-X 010 $a0-470-39457-9 010 $a1-84704-576-6 010 $a0-470-61244-4 010 $a1-118-61399-6 035 $a(CKB)3230000000207207 035 $a(StDuBDS)AH25036394 035 $a(MiAaPQ)EBC700736 035 $a(MiAaPQ)EBC5205682 035 $a(MiAaPQ)EBC261985 035 $a(Au-PeEL)EBL261985 035 $a(OCoLC)829706610 035 $a(PPN)183435141 035 $a(EXLCZ)993230000000207207 100 $a20180130h20062005 uy 0 101 0 $aeng 135 $aur||||||||||| 181 $2rdacontent 182 $2rdamedia 183 $2rdacarrier 200 10$aMusic and acoustics $efrom instrument to computer /$fPhilippe Guillaume 210 1$aNewport Beach, California :$cISTE,$d2006. 210 4$dİ2005 215 $a1 online resource (199 p. ) $cill 225 0 $aSociete Francaise d'Acoustique 311 $a1-905209-26-6 320 $aIncludes bibliographical references and index. 327 $aSounds -- Music Instruments -- Scales and Temperaments -- Psychoacoustics -- Digital sound -- Synthesis and Sound Effects. 330 $aPresents an overview on the nature of musical sounds, from their production by acoustic music instruments to synthesized sounds obtained with computers. This book covers topics, including sound propagation, Fourier and time-frequency analysis, psychoacoustics, analog and digital signal processing theory, computer science and MP3 sound compression. 330 $bHow can a piano tuner obtain such high precision with no other measuring device than their own ears? How can a sequence of notes seem to rise continuously despite coming back periodically to the same notes? What are the possibilities and the limits of digital sound? These are a few examples of questions that are discussed in this book, which presents an overview on the nature of musical sounds, from their production by acoustic music instruments to synthesized sounds obtained with computers. The topics that are treated include sound propagation, Fourier and time-frequency analysis, psychoacoustics, analog and digital signal processing theory, computer science and MP3 sound compression, and of course... music! How can a piano tuner obtain such high precision with no other measuring device than their own ears? How can a sequence of notes seem to rise continuously despite coming back periodically to the same notes? What are the possibilities and the limits of digital sound? These are a few examples of questions that are discussed in this book, which presents an overview on the nature of musical sounds, from their production by acoustic music instruments to synthesized sounds obtained with computers. The topics that are treated include sound propagation, Fourier and time-frequency analysis, psychoacoustics, analog and digital signal processing theory, computer science and MP3 sound compression, and of course... music! 606 $aMusic$xAcoustics and physics 606 $aComputer sound processing 615 0$aMusic$xAcoustics and physics. 615 0$aComputer sound processing. 676 $a781.23 700 $aGuillaume$b Philippe$f1955-$0993656 801 0$bMiAaPQ 801 1$bMiAaPQ 801 2$bMiAaPQ 906 $aBOOK 912 $a996255450403316 996 $aMusic and acoustics$92275275 997 $aUNISA